Все куда-то ушло: [рассказы, сказки и стихи]; Метель ; Радио ; Уважение ; Света ; На речке ; Умение ; Затмение ; По грибы ; Я и мы ; Разговор ; Лето; Сказки; Стихи
| Autor principal: | |
|---|---|
| Resumo: | Издание предназначено для широкого круга читателей |
| Idioma: | russo |
| Publicado em: |
Томск, [Б. и.], 2005
|
| TOC: | Метель ; Радио ; Уважение ; Света ; На речке ; Умение ; Затмение ; По грибы ; Я и мы ; Разговор ; Лето; Сказки; Стихи; |
| Assuntos: | |
| Formato: | MixedMaterials Livro |
| KOHA link: | https://koha.lib.tpu.ru/cgi-bin/koha/opac-detail.pl?biblionumber=161006 |
MARC
| LEADER | 00000nam0a2200000 4500 | ||
|---|---|---|---|
| 001 | 161006 | ||
| 005 | 20231101222227.0 | ||
| 021 | |a RU |b 09-8737 |9 09-505 | ||
| 035 | |a (RuTPU)RU\TPU\book\174602 | ||
| 090 | |a 161006 | ||
| 100 | |a 20090602d2005 m u0rusy5002 ca | ||
| 101 | 0 | |a rus | |
| 102 | |a RU | ||
| 105 | |a y z 000ay | ||
| 200 | 1 | |a Все куда-то ушло |e [рассказы, сказки и стихи] |f В. А. Камышников | |
| 210 | |a Томск |c [Б. и.] |d 2005 | ||
| 215 | |a 248, [1] с. |d 21 см. | ||
| 330 | |a Издание предназначено для широкого круга читателей | ||
| 464 | |t Метель ; Радио ; Уважение ; Света ; На речке ; Умение ; Затмение ; По грибы ; Я и мы ; Разговор ; Лето |o рассказы | ||
| 464 | |t Сказки | ||
| 464 | |t Стихи | ||
| 606 | 0 | |a Поэзия (х. л.) |2 stltpush | |
| 606 | 1 | |a Редкие книги |2 stltpush |3 (RuTPU)RU\TPU\subj\67540 |9 83297 | |
| 610 | 1 | |a русская литература | |
| 610 | 1 | |a поэзия | |
| 610 | 1 | |a стихи | |
| 610 | 1 | |a сказки | |
| 675 | |a Р2 |v 3 |z rus | ||
| 700 | 1 | |a Камышников |b В. А. |g Владимир Андреевич |4 070 | |
| 801 | 0 | |a RU |b 63413507 |c 20090330 |g PSBO | |
| 801 | 1 | |a RU |b 63413507 |c 20090602 |g PSBO | |
| 801 | 2 | |a RU |b 63413507 |c 20140228 |g PSBO | |
| 830 | |a <b><br /> <b>Камышников В. А.</b> Все куда-то ушло : [рассказы, сказки и стихи] / Владимир Камышников. - Томск : [б. и.], 2005. - 248, [1] с.; 21 см. -. Содерж.: рассказы: Метель; Радио; Уважение; Света; На речке; Умение; Затмение; По грибы; Я и мы; Разговор; Лето; сказки; стихи. - [09-8737]<br /> - - 1. Сказки русские (х. л.). 2. Поэзия (х. л.). </p><p style='text-align:right'>УДК 821.161.1-8 <br />ББК 84(2Рос=Рус)6 </p> | ||
| 942 | |c BK | ||